YOU CAN GET TO THE POWER OF SIX SIGMA (Record no. 4763)

MARC details
000 -LEADER
fixed length control field 00421nam a22001697a 4500
005 - DATE AND TIME OF LATEST TRANSACTION
control field 20260413171509.0
008 - FIXED-LENGTH DATA ELEMENTS--GENERAL INFORMATION
fixed length control field 160629b xxu||||| |||| 00| 0 eng d
020 ## - INTERNATIONAL STANDARD BOOK NUMBER
ISBN 81-7808-437-7
041 ## - LANGUAGE CODE
Language code of text/sound track or separate title eng
082 ## - DEWEY DECIMAL CLASSIFICATION NUMBER
Classification number 658.562
100 ## - MAIN ENTRY--AUTHOR NAME
Personal name CHOWDHURY SUBIR
245 ## - TITLE STATEMENT
Title YOU CAN GET TO THE POWER OF SIX SIGMA
260 ## - PUBLICATION, DISTRIBUTION, ETC. (IMPRINT)
Name of publisher PEARSON EDUCATION ASIA
Year of publication 2001
Place of publication DELHI
300 ## - PHYSICAL DESCRIPTION
Number of Pages 128;P
650 ## - SUBJECT ADDED ENTRY--TOPICAL TERM
Topical Term Management
942 ## - ADDED ENTRY ELEMENTS (KOHA)
Koha item type Books
Holdings
Lost status Damaged status Collection code Home library Current library Shelving location Date acquired Full call number Accession Number Koha item type
    LIFE SKILL JRU Library JRU Library SHELF-101-I 29/06/2016 658.562 10856 Books